| 000 | 01048aam a2200337a 44500 | ||
|---|---|---|---|
| 008 | 000523s1990-1999 cat | ||
| 041 | _acat | ||
| 080 | _a649.1(038) | ||
| 110 |
_aConsorci per a la Normalització Lingüística. Servei Local de Català de Cerdanyola del Vallès _961486 |
||
| 245 | _aJa sóc aquí | ||
| 245 | _cConsorci per a la Normalització Lingüística. Servei Local de Català de Cerdanyola del Vallès. | ||
| 260 | _a[Cerdanyola del Vallès] | ||
| 260 | _bServei Local de Català de Cerdanyola del Vallès | ||
| 260 | _c1990-1999 | ||
| 300 |
_a1 full _bil. |
||
| 500 | _aDocument fotocopiat | ||
| 520 | _a65 | ||
| 591 | _a6594 | ||
| 592 | _aObra terminològica | ||
| 593 | _aISHA | ||
| 593 | _aKV | ||
| 594 | _a6594 | ||
| 650 |
_aarticles de puericultura _964927 |
||
| 650 |
_aroba infantil _964918 |
||
| 901 | _c[<199->?] | ||
| 902 | _a000523 | ||
| 942 |
_cMO _n0 |
||
| 999 |
_c59140 _d59140 |
||